Normal view
MARC view
- Metzger, Lawrence.
Entry Personal Name
001 - CONTROL NUMBER
- control field: 45552
003 - CONTROL NUMBER IDENTIFIER
- control field: OSt
005 - DATE AND TIME OF LATEST TRANSACTION
- control field: 20220609094113.0
008 - FIXED-LENGTH DATA ELEMENTS
- fixed length control field: 220609|| aca||aabn | a|a d
040 ## - CATALOGING SOURCE
- Original cataloging agency: OSt
- Transcribing agency: OSt
100 ## - HEADING--PERSONAL NAME
- Personal name: Metzger, Lawrence.
670 ## - SOURCE DATA FOUND
- Source citation: Work cat.: (OSt): Metzger, Lawrence., The keys to integrity and a sense of well-being for accounting professionals/, 2011.
